000
00331 a2200157 4500
001
166651
020
_a
040
_c
Magnum
100
_a
Chartier, Roger (Org.)
240
1
0
_a
Praticas da leitura
_l
por
245
1
0
_a
Praticas da leitura
362
0
_a
1899
440
1
_a
Estação Liberdade
697
_a
GERAL
942
_c
BK
999
_c
166651
_d
166651